|
|
|
|
| LEADER |
02519nam a2200649 i 4500 |
| 001 |
nkc20223438066 |
| 003 |
CZ PrNK |
| 005 |
20230106142422.0 |
| 007 |
ta |
| 008 |
220720s2022 xr a e c 000 0 cze |
| 015 |
|
|
|a cnb003438066
|
| 020 |
|
|
|a 978-80-7050-764-3
|q (brožováno)
|
| 035 |
|
|
|a (OCoLC)1347065822
|
| 040 |
|
|
|a ABA001
|b cze
|d BOA001
|e rda
|
| 041 |
0 |
|
|a cze
|b cze
|b eng
|
| 072 |
|
7 |
|a 025
|x Organizace knihoven a knihovních fondů
|2 Konspekt
|9 12
|
| 080 |
|
|
|a 025.7/.9
|2 MRF
|
| 080 |
|
|
|a 025.85
|2 MRF
|
| 080 |
|
|
|a 069.444:001.891.5
|2 MRF
|
| 080 |
|
|
|a 686.122
|2 MRF
|
| 080 |
|
|
|a 620.2-021.58
|2 MRF
|
| 080 |
|
|
|a 678.5/.8
|2 MRF
|
| 080 |
|
|
|a (083.824)
|2 MRF
|
| 100 |
1 |
|
|a Vávrová, Petra
|7 js20090112003
|4 aut
|
| 245 |
1 |
0 |
|a Doba plastová v knižní vazbě :
|b syntetické materiály v knihovních fondech /
|c Petra Vávrová a kolektiv
|
| 250 |
|
|
|a I. vydání
|
| 264 |
|
1 |
|a Praha :
|b Národní knihovna České republiky,
|c 2022
|
| 300 |
|
|
|a 122 stran :
|b barevné ilustrace ;
|c 18 x 26 cm
|
| 336 |
|
|
|a text
|b txt
|2 rdacontent
|
| 336 |
|
|
|a statický obraz
|b sti
|2 rdacontent
|
| 337 |
|
|
|a bez média
|b n
|2 rdamedia
|
| 338 |
|
|
|a svazek
|b nc
|2 rdacarrier
|
| 500 |
|
|
|a Obálkový podnázev: katalog výstavy
|
| 500 |
|
|
|a Výstava byla uspořádaná Národní knihovnou ČR v Klementinu ve dnech 5.8.-8.10.2022
|
| 504 |
|
|
|a Obsahuje bibliografii
|
| 546 |
|
|
|a České a anglické resumé
|
| 650 |
0 |
7 |
|a ochrana knihovních fondů
|7 ph115550
|2 czenas
|
| 650 |
0 |
7 |
|a restaurování knihovních fondů
|7 ph135818
|2 czenas
|
| 650 |
0 |
7 |
|a restaurátorský průzkum
|7 ph216798
|2 czenas
|
| 650 |
0 |
7 |
|a knižní vazby
|7 ph114939
|2 czenas
|
| 650 |
0 |
7 |
|a syntetické materiály
|7 ph508946
|2 czenas
|
| 650 |
0 |
7 |
|a plasty
|7 ph124105
|2 czenas
|
| 650 |
0 |
9 |
|a preservation of library collections
|2 eczenas
|
| 650 |
0 |
9 |
|a restoration of library collections
|2 eczenas
|
| 650 |
0 |
9 |
|a restoration research
|2 eczenas
|
| 650 |
0 |
9 |
|a bookbindings
|2 eczenas
|
| 650 |
0 |
9 |
|a synthetic materials
|2 eczenas
|
| 650 |
0 |
9 |
|a plastics
|2 eczenas
|
| 655 |
|
7 |
|a katalogy výstav
|7 fd132536
|2 czenas
|
| 655 |
|
9 |
|a exhibition catalogs
|2 eczenas
|
| 710 |
2 |
|
|a Národní knihovna České republiky
|7 kn20010709069
|4 orm
|4 isb
|
| 910 |
2 |
|
|a BOA001
|b 2-1494.007
|
| 990 |
|
|
|a BK
|
| 995 |
|
|
|a 01
|
| 991 |
|
|
|b 202209
|c NOV
|
| 996 |
6 |
|
|b 2610913576
|c 2-1494.007
|l MZK
|r Sklad / do 1 hodiny
|n 1
|p p.v.
|w 001898851
|u 000010
|a 1
|e BOA001
|j MZK50
|s P
|
| 996 |
7 |
|
|b 2610919663
|c 2-1494.007
|l MZK
|r Sklad / do 1 hodiny
|n 1
|p dar
|w 001898851
|u 000020
|a 1
|e BOA001
|j MZK50
|s A
|